LEADER 01391nam a2200241 i 4500 001 000000032664 003 CaOOAMICUS 005 20240205145512.0 008 180830s17121713it u000 u ita u 040 $aSeMil$bita 100 1 $aFrançois : de Sales,$c.$0(OLS)http://semarc/name/1031 245 10$aDiscorsi di sagre controversie di S. Francesco di Sales a i signori del Magistrato della città di Tonone della religione pretesa riformata; posti in luce la prima volta dall'originaria lor lingua francese nell'italiana dall'abbate Agostino Maria Taja. 260 $aIn Venezia :$bAppresso Girolamo Albrizzi,$c1712-1713. 300 $a2 v. ;12°. 500 $aPag. e segn. continue dei v. 500 $aLegati insieme i 2 vol. 700 1 $aTaia, Agostino Maria,$d.$0(OLS)http://semarc/name/15059 700 1 $aAlbrizzi, Girolamo,$c.$0(OLS)http://semarc/name/13947 774 0 $tTomo 1.$g1$w()245806 774 0 $tTomo 2.$g2$w()245807 996 $6245$aDiscorsi di sagre controversie di S. Francesco di Sales a i signori del Magistrato della città di Tonone della religione pretesa riformata; posti in luce la prima volta dall'originaria lor lingua francese nell'italiana dall'abbate Agostino Maria Taja$9(OLS)http://semarc/title/44234 996 $6260$aIn Venezia :$bAppresso Girolamo Albrizzi$9(OLS)http://semarc/publisher/39374 LEADER 01553nam a2200301 i 4500 001 000000182553 003 CaOOAMICUS 005 20151102000000.0 008 151102s2014 it u000 u ita u 013 $a160509 020 $a978-88-308-1354-0 040 $aSeMil$bita 100 1 $aGrassi, Stefano <1982- >.$0(OLS)http://semarc/name/67260 245 12$aL'interpellazione dell'origine e la soggettività rispondente :$bl'interesse teologico della teoria fenomenologica di Jean-Louis Chrétien /$cStefano Grassi ; prefazione di Massimo Epis ; postfazione di Duilio Albarello. 260 $aAssisi :$bCittadella,$c2014. 300 $a277 p. ;$c21 cm. 490 0 $aStudi e ricerche 490 0 $aStudi e ricerche. Sezione teologica 600 14$aChrétien, Jean-Louis <1952-2019>.$0(OLS)http://semarc/subject/16303 700 1 $aAlbarello, Duilio,$c.$0(OLS)http://semarc/name/63570 830 0$aStudi e ricerche.$0(OLS)http://semarc/title/6597 830 0$aStudi e ricerche. Sezione teologica.$0(OLS)http://semarc/title/34052 850 $aSeMil 852 $aSeMil$W1$xVenegono$y1$m2D III 338$j133257$B133257$CSeMilBibl$Z2$F145152 $81 961 $aOmaggio: Martinelli don Romano 996 $6020$a978-88-308-1354-0$9(OLS)http://semarc/number/172166 996 $6245$aL'interpellazione dell'origine e la soggettività rispondente :$bl'interesse teologico della teoria fenomenologica di Jean-Louis Chrétien$9(OLS)http://semarc/title/261916 996 $6260$aAssisi :$bCittadella$9(OLS)http://semarc/publisher/29661